[Event "16. Copenhagen Open"]
[Site "Copenhagen"]
[Date "1994.??.??"]
[Round "9"]
[White "Stripunsky, Alexander"]
[Black "Baburin, Alexander"]
[Result "1-0"]
[WhiteElo "2510"]
[BlackElo "2520"]
[PlyCount "91"]
[EventDate "1994.??.??"]
[EventType "swiss"]
[EventRounds "10"]
[EventCountry "DEN"]
[SourceDate "2004.01.01"]

1. e4 Nf6 2. e5 Nd5 3. d4 d6 4. Nf3 Bg4 5. Be2 e6 6. O-O Be7 7. c4 Nb6 8. Nc3
O-O 9. h3 Bh5 10. Be3 d5 11. c5 Bxf3 12. gxf3 Nc8 13. b4 Bh4 14. Kh2 f6 15. f4
fxe5 16. fxe5 Ne7 17. Bd3 Nf5 18. Qg4 Nc6 19. a3 Nce7 20. Ne2 Qd7 21. Rg1 Ng6
22. Rg2 Rf7 23. Qh5 Raf8 24. Rag1 Bd8 25. Rxg6 hxg6 26. Qxg6 Qe8 27. Nf4 Re7
28. Nxd5 Rd7 29. Bxf5 exf5 30. Nf4 c6 31. e6 Re7 32. d5 Qxg6 33. Nxg6 cxd5 34.
Nxe7+ Bxe7 35. Bd4 g5 36. f4 Kh7 37. fxg5 Kg6 38. h4 f4 39. h5+ Kxh5 40. g6 Bh4
41. g7 Rg8 42. Kh3 Bg3 43. b5 Kg5 44. c6 bxc6 45. bxc6 Kf5 46. Rc1 1-0

[Event "16. Copenhagen Open"]
[Site "Copenhagen"]
[Date "1994.??.??"]
[Round "9"]
[White "Sylvan, Jacob"]
[Black "Nielsen, Lars Aaes"]
[Result "1-0"]
[WhiteElo "2185"]
[BlackElo "2220"]
[PlyCount "107"]
[EventDate "1994.??.??"]
[EventType "swiss"]
[EventRounds "10"]
[EventCountry "DEN"]
[SourceDate "2004.01.01"]

1. e4 e6 2. d4 d5 3. Nc3 Bb4 4. e5 c5 5. Bd2 Nc6 6. Nb5 Bxd2+ 7. Qxd2 Nxd4 8.
Nxd4 cxd4 9. f4 Qb6 10. O-O-O Ne7 11. Nf3 Nf5 12. Nxd4 Nxd4 13. Qxd4 Qxd4 14.
Rxd4 Bd7 15. Bd3 Ke7 16. Rd1 f6 17. exf6+ gxf6 18. f5 Bc6 19. fxe6 Kxe6 20.
Re1+ Kf7 21. Be2 Rad8 22. Bh5+ Kg7 23. Re7+ Kh6 24. Bf3 Rde8 25. Rh4+ Kg6 26.
Bh5+ Kg5 27. Bxe8 Kxh4 28. Bxc6 bxc6 29. Rxa7 h5 30. Rg7 Re8 31. Kd2 f5 32. a4
c5 33. Rd7 Rg8 34. g3+ Kh3 35. Rxd5 Rf8 36. Ke3 Kxh2 37. Kf4 Rg8 38. Rxf5 Rg4+
39. Ke5 Rxa4 40. Rxh5+ Kxg3 41. Kd5 Ra2 42. c4 Rxb2 43. Kxc5 Kf4 44. Rd5 Ke4
45. Rd1 Re2 46. Kb5 Ke5 47. c5 Ke6 48. Kb6 Ke7 49. c6 Rb2+ 50. Kc7 Re2 51. Kb7
Rb2+ 52. Kc8 Rc2 53. c7 Re2 54. Rb1 1-0

[Event "16. Copenhagen Open"]
[Site "Copenhagen"]
[Date "1994.??.??"]
[Round "9"]
[White "Sorensen, Henrik"]
[Black "Bogdanovich, Grigory"]
[Result "0-1"]
[WhiteElo "2245"]
[BlackElo "2385"]
[PlyCount "98"]
[EventDate "1994.??.??"]
[EventType "swiss"]
[EventRounds "10"]
[EventCountry "DEN"]
[SourceDate "2004.01.01"]

1. d4 d5 2. Bf4 Nf6 3. e3 e6 4. Nd2 c5 5. c3 Nc6 6. Bg3 Bd7 7. Bd3 Qb6 8. Rb1
Be7 9. h3 cxd4 10. exd4 Na5 11. Qe2 O-O 12. Bh2 Bd6 13. f4 Qc7 14. g3 Nc4 15.
Ngf3 b5 16. O-O Nxd2 17. Nxd2 b4 18. cxb4 Bxb4 19. Nf3 Qb6 20. Kg2 a6 21. Bg1
Bb5 22. Rfc1 Rfc8 23. Be3 Ne4 24. Rxc8+ Rxc8 25. Rc1 Rxc1 26. Bxc1 Bxd3 27.
Qxd3 Qc6 28. Be3 f6 29. a3 Ba5 30. Kh2 Kf7 31. h4 Qc4 32. Qd1 g6 33. g4 Bc7 34.
b3 Qc3 35. Qc1 Bd6 36. Qxc3 Nxc3 37. b4 Ne2 38. g5 Nxf4 39. Kg1 Ne2+ 40. Kf1
Nc3 41. Bd2 Ne4 42. Be3 Ng3+ 43. Ke1 Ne4 44. Bf2 h6 45. Ke2 Bf4 46. gxf6 Kxf6
47. a4 Ke7 48. Ne1 Kd6 49. Kd3 Bg3 0-1

[Event "16. Copenhagen Open"]
[Site "Copenhagen"]
[Date "1994.??.??"]
[Round "9"]
[White "Ward, Christopher"]
[Black "Arkell, Keith"]
[Result "1/2-1/2"]
[WhiteElo "2495"]
[BlackElo "2500"]
[PlyCount "89"]
[EventDate "1994.??.??"]
[EventType "swiss"]
[EventRounds "10"]
[EventCountry "DEN"]
[SourceDate "2004.01.01"]

1. d4 Nf6 2. c4 e6 3. Nc3 Bb4 4. g3 c5 5. Nf3 Ne4 6. Qd3 Qa5 7. Qxe4 Bxc3+ 8.
Bd2 Bxd2+ 9. Nxd2 Qb6 10. dxc5 Qxb2 11. Rb1 Qc3 12. Qd3 Qxd3 13. exd3 Nc6 14.
Bg2 b6 15. Ke2 bxc5 16. Ke3 Kd8 17. Bxc6 dxc6 18. Ne4 e5 19. Nxc5 Kc7 20. f4
exf4+ 21. Kxf4 Re8 22. Rhe1 Rxe1 23. Rxe1 Rb8 24. d4 Kd8 25. Ke5 Rb4 26. Kd6
Rxc4 27. Re4 g5 28. Kxc6 f5 29. Re3 Rxd4 30. Ra3 Bd7+ 31. Nxd7 Rxd7 32. Rf3 Rd2
33. Rxf5 Rxa2 34. Rxg5 Rxh2 35. Rg7 a5 36. Ra7 Rh6+ 37. Kd5 Rh5+ 38. Kd6 Kc8
39. g4 Kb8 40. Rg7 Rh3 41. g5 a4 42. g6 hxg6 43. Rxg6 Rh5 44. Kc6 Ka7 45. Rg4
1/2-1/2

[Event "16. Copenhagen Open"]
[Site "Copenhagen"]
[Date "1994.??.??"]
[Round "10"]
[White "Alkaersig, Ole"]
[Black "Isaksen, Brian"]
[Result "1-0"]
[WhiteElo "2190"]
[BlackElo "2245"]
[PlyCount "57"]
[EventDate "1994.??.??"]
[EventType "swiss"]
[EventRounds "10"]
[EventCountry "DEN"]
[SourceDate "2004.01.01"]

1. e4 c5 2. g3 d5 3. exd5 Qxd5 4. Nf3 Nc6 5. Bg2 Qe6+ 6. Kf1 Nf6 7. Nc3 g6 8.
d3 Bg7 9. Bf4 O-O 10. Qd2 Nd4 11. Re1 Nxf3 12. Bxf3 Qb6 13. Kg2 Be6 14. b3 Rac8
15. Bh6 Rfd8 16. h4 Bxh6 17. Qxh6 Ng4 18. Qg5 Qb4 19. Rxe6 Qxc3 20. Bxg4 fxe6
21. Bxe6+ Kf8 22. Bxc8 Rxc8 23. h5 Rc6 24. hxg6 Rxg6 25. Qe3 Rg7 26. Rh5 Qxc2
27. Rxc5 Qxa2 28. Qf4+ Ke8 29. Qf5 1-0

[Event "16. Copenhagen Open"]
[Site "Copenhagen"]
[Date "1994.??.??"]
[Round "10"]
[White "Arkell, Keith"]
[Black "Bator, Robert"]
[Result "1-0"]
[WhiteElo "2500"]
[BlackElo "2410"]
[PlyCount "93"]
[EventDate "1994.??.??"]
[EventType "swiss"]
[EventRounds "10"]
[EventCountry "DEN"]
[SourceDate "2004.01.01"]

1. d4 Nf6 2. Nf3 c5 3. d5 e6 4. c4 b5 5. Bg5 Qa5+ 6. Qd2 Qxd2+ 7. Nbxd2 Na6 8.
e4 Nb4 9. Kd1 bxc4 10. Bxc4 Be7 11. Re1 Bb7 12. d6 Bd8 13. a3 Nc6 14. e5 Ng4
15. Bxd8 Nxd8 16. h3 Nxf2+ 17. Kc2 f5 18. exf6 gxf6 19. Re2 Nf7 20. Rxf2 Nxd6
21. Re1 Ke7 22. Nh4 Rac8 23. g4 Ne8 24. Nf5+ Kd8 25. Nh6 Kc7 26. Bd3 Kb8 27.
Ne4 c4 28. Bf1 Rf8 29. Nc3 Ng7 30. Nb5 Rc5 31. Nd6 Bc6 32. Bxc4 Ne8 33. Nxe8
Rxe8 34. Kd3 d5 35. Bb3 Kc7 36. Ba2 Bb5+ 37. Kd2 Ba4 38. b3 Bd7 39. Rxf6 Rc8
40. b4 Rc6 41. Bb3 Kb8 42. Ba4 R6c7 43. Bxd7 Rc2+ 44. Ke3 d4+ 45. Ke4 Rd8 46.
Rf7 d3 47. Kxd3 1-0

[Event "16. Copenhagen Open"]
[Site "Copenhagen"]
[Date "1994.??.??"]
[Round "10"]
[White "Bjerring, Kai"]
[Black "Christensen, Bo Garner"]
[Result "1-0"]
[WhiteElo "2345"]
[BlackElo "2225"]
[PlyCount "125"]
[EventDate "1994.??.??"]
[EventType "swiss"]
[EventRounds "10"]
[EventCountry "DEN"]
[SourceDate "2004.01.01"]

1. e4 c5 2. Nf3 d6 3. d4 cxd4 4. Nxd4 Nf6 5. Nc3 a6 6. Bg5 e6 7. Qf3 Be7 8.
O-O-O Nbd7 9. Bd3 Qc7 10. Qg3 b5 11. Bxb5 axb5 12. Ndxb5 Qa5 13. Bxf6 gxf6 14.
Nxd6+ Bxd6 15. Qxd6 Ra6 16. Qg3 Qg5+ 17. Kb1 Qxg3 18. hxg3 Ke7 19. g4 Bb7 20.
f3 Ne5 21. Rd4 Rd6 22. Rxd6 Kxd6 23. Kc1 Ba6 24. b3 Ke7 25. Na4 Rc8 26. Kd2
Rd8+ 27. Ke3 Bb5 28. Nb2 Rc8 29. c4 Bd7 30. Kd4 Nc6+ 31. Kc3 Rh8 32. b4 f5 33.
b5 Ne5 34. exf5 f6 35. fxe6 Bxe6 36. Rd1 h5 37. gxh5 Rxh5 38. a4 Rh4 39. Rd4
Rh2 40. Rd2 Rh4 41. Rd4 Rh2 42. f4 Nd7 43. Rd2 Kd8 44. a5 Kc7 45. Na4 Rh1 46.
Kb4 Rf1 47. g3 Rf3 48. a6 Rxg3 49. Nc5 Nxc5 50. Kxc5 Rg8 51. Rd6 Re8 52. Rc6+
Kb8 53. Kb6 f5 54. c5 Bd5 55. Rd6 Re6 56. a7+ Ka8 57. Kc7 Bc4 58. Rxe6 Bxe6 59.
c6 Bd5 60. Kd7 Bc4 61. Kd8 Be6 62. b6 Bd5 63. b7+ 1-0

[Event "16. Copenhagen Open"]
[Site "Copenhagen"]
[Date "1994.??.??"]
[Round "10"]
[White "Bogdanovich, Grigory"]
[Black "Hutters, Tomas"]
[Result "1-0"]
[WhiteElo "2385"]
[BlackElo "2420"]
[PlyCount "124"]
[EventDate "1994.??.??"]
[EventType "swiss"]
[EventRounds "10"]
[EventCountry "DEN"]
[SourceDate "2004.01.01"]

1. d4 Nf6 2. c4 g6 3. Nc3 Bg7 4. e4 d6 5. f3 O-O 6. Be3 Nc6 7. Nge2 Rb8 8. Qd2
Re8 9. Nf4 a6 10. O-O-O Nd7 11. h4 e5 12. Nfe2 b5 13. h5 Nb6 14. b3 bxc4 15.
hxg6 hxg6 16. d5 cxb3 17. Bxb6 bxa2 18. Nxa2 Rxb6 19. dxc6 Be6 20. Nec3 Qb8 21.
Bd3 Rxc6 22. Bc2 Qb6 23. Ba4 Bxa2 24. Bxc6 Qxc6 25. Kb2 Be6 26. Rb1 Qc5 27.
Rhc1 c6 28. Na2 Rb8+ 29. Ka1 Rxb1+ 30. Kxb1 Qb5+ 31. Ka1 Qa4 32. Rc3 Bh6 33.
Qc2 Qd4 34. Qd3 c5 35. Kb1 Qg1+ 36. Nc1 Qxg2 37. Qxd6 Qf2 38. Qxc5 Qe1 39. Rd3
Kg7 40. Qxe5+ Kh7 41. Qc3 Qf1 42. Rd8 Bg7 43. Qd3 Qf2 44. Rb8 a5 45. Qe2 Qg3
46. Rb5 a4 47. Rb4 a3 48. Qe3 Bf8 49. Rb7 Qh2 50. Qa7 a2+ 51. Nxa2 Qh1+ 52. Nc1
Qxf3 53. Qa4 Bg7 54. Qc2 Qf4 55. Qe2 Bg4 56. Qc4 Be6 57. Qe2 Qe5 58. Kc2 g5 59.
Rb5 Qc3+ 60. Kd1 Kg6 61. Rb1 Bd7 62. Rb3 Ba4 1-0

[Event "16. Copenhagen Open"]
[Site "Copenhagen"]
[Date "1994.??.??"]
[Round "10"]
[White "Borge, Nikolaj"]
[Black "Molvig, Henrik"]
[Result "1-0"]
[WhiteElo "2400"]
[BlackElo "2240"]
[PlyCount "35"]
[EventDate "1994.??.??"]
[EventType "swiss"]
[EventRounds "10"]
[EventCountry "DEN"]
[SourceDate "2004.01.01"]

1. e4 c6 2. d4 d5 3. e5 Bf5 4. Nc3 Qb6 5. Bd3 Bxd3 6. Qxd3 e6 7. Nge2 Qa6 8.
Qh3 b5 9. Nf4 b4 10. Nce2 Ne7 11. Nd3 Ng6 12. f4 Nd7 13. f5 exf5 14. Qxf5 Be7
15. O-O Rf8 16. Bg5 O-O-O 17. Bxe7 Nxe7 18. Qxh7 1-0

[Event "16. Copenhagen Open"]
[Site "Copenhagen"]
[Date "1994.??.??"]
[Round "10"]
[White "Brinck Claussen, Bjorn"]
[Black "Hansen, Sune Berg"]
[Result "0-1"]
[WhiteElo "2350"]
[BlackElo "2415"]
[PlyCount "54"]
[EventDate "1994.??.??"]
[EventType "swiss"]
[EventRounds "10"]
[EventCountry "DEN"]
[SourceDate "2004.01.01"]

1. e4 c5 2. Nf3 d6 3. d4 cxd4 4. Nxd4 Nf6 5. Nc3 g6 6. Be3 Bg7 7. f3 Nc6 8. Qd2
O-O 9. Bc4 Bd7 10. h4 Ne5 11. Bb3 Rc8 12. O-O-O h5 13. Bh6 Nc4 14. Bxc4 Rxc4
15. Bxg7 Kxg7 16. f4 e5 17. fxe5 dxe5 18. Nf3 Qa5 19. Kb1 Rfc8 20. Ng5 R8c6 21.
Qf2 Be8 22. Rd3 Ng4 23. Qd2 b5 24. Rd8 b4 25. Rxe8 bxc3 26. Rf1 Nf6 27. Qf2 Qb4
0-1

[Event "16. Copenhagen Open"]
[Site "Copenhagen"]
[Date "1994.??.??"]
[Round "10"]
[White "Emms, John"]
[Black "Kaspersen, Morten"]
[Result "1-0"]
[WhiteElo "2525"]
[BlackElo "2220"]
[PlyCount "80"]
[EventDate "1994.??.??"]
[EventType "swiss"]
[EventRounds "10"]
[EventCountry "DEN"]
[SourceDate "2004.01.01"]

1. e4 g6 2. d4 Bg7 3. Nf3 d6 4. Nc3 Nf6 5. Be3 a6 6. Bd3 Bg4 7. h3 Bxf3 8. Qxf3
Nc6 9. O-O O-O 10. Qd1 Nd7 11. Ne2 Nb4 12. Bc4 d5 13. exd5 Nb6 14. Bb3 N4xd5
15. Bg5 h6 16. Bh4 Qd7 17. c3 Bf6 18. Bg3 e6 19. Nc1 Rad8 20. Nd3 Qc8 21. Qf3
Bg7 22. Rfe1 Nd7 23. Bxd5 exd5 24. Re7 Rde8 25. Rxe8 Rxe8 26. Qxd5 c6 27. Qf3
Qd8 28. Re1 Rxe1+ 29. Nxe1 Qa5 30. a3 Qb5 31. Nd3 h5 32. Qe2 Qf5 33. Ne1 Qb1
34. Kh2 Nf8 35. Nd3 Ne6 36. Be5 Bxe5+ 37. Nxe5 Nf4 38. Qf3 Qf5 39. g3 f6 40.
Qxf4 fxe5 1-0

[Event "16. Copenhagen Open"]
[Site "Copenhagen"]
[Date "1994.??.??"]
[Round "10"]
[White "Fant, Goran"]
[Black "Hansen, Henrik Michael"]
[Result "0-1"]
[WhiteElo "2010"]
[BlackElo "2060"]
[PlyCount "138"]
[EventDate "1994.??.??"]
[EventType "swiss"]
[EventRounds "10"]
[EventCountry "DEN"]
[SourceDate "2004.01.01"]

1. d4 d5 2. c4 dxc4 3. Nc3 Nf6 4. Nf3 a6 5. a4 c5 6. g3 cxd4 7. Qxd4 Qxd4 8.
Nxd4 e5 9. Nc2 Nc6 10. Be3 Be6 11. O-O-O Be7 12. Bg2 O-O 13. h3 Rac8 14. g4
Rfd8 15. Bb6 Rxd1+ 16. Rxd1 Kf8 17. a5 h5 18. gxh5 Nxh5 19. e3 Nf6 20. Nd5 Nxd5
21. Bxd5 Bxd5 22. Rxd5 Ke8 23. e4 f6 24. h4 Bd8 25. f4 Bxb6 26. axb6 exf4 27.
Rf5 Ne5 28. Nb4 Kf7 29. Nd5 Rc6 30. h5 Nd7 31. Rxf4 Nxb6 32. Ne3 Nd7 33. Rh4
Ne5 34. Kc2 b5 35. h6 gxh6 36. Rxh6 Nd3 37. Nf5 Nc5 38. Rh7+ Ke8 39. e5 fxe5
40. Re7+ Kd8 41. Rxe5 Nb3 42. Kc3 Rc5 43. Nd4 Rxe5 44. Nc6+ Kc7 45. Nxe5 Kd6
46. Nf7+ Kd5 47. Kb4 Kd4 48. Nd8 Kd3 49. Nc6 Kc2 50. Ka3 a5 51. Ne5 c3 52. bxc3
Kxc3 53. Nd7 Nd2 54. Nc5 Kc4 55. Nb7 a4 56. Na5+ Kc5 57. Nb7+ Kc6 58. Nd8+ Kb6
59. Kb4 Nf3 60. Ne6 Ne5 61. Nf4 Nc6+ 62. Ka3 Ka5 63. Nd5 b4+ 64. Ka2 Nd4 65.
Kb2 a3+ 66. Ka2 Kb5 67. Ne3 Ka4 68. Nc4 b3+ 69. Kb1 Nc2 0-1

[Event "16. Copenhagen Open"]
[Site "Copenhagen"]
[Date "1994.??.??"]
[Round "10"]
[White "Fries Nielsen, Jens Ove"]
[Black "Ward, Christopher"]
[Result "0-1"]
[WhiteElo "2395"]
[BlackElo "2495"]
[PlyCount "106"]
[EventDate "1994.??.??"]
[EventType "swiss"]
[EventRounds "10"]
[EventCountry "DEN"]
[SourceDate "2004.01.01"]

1. d4 Nf6 2. c4 e6 3. Nc3 Bb4 4. Qb3 c5 5. dxc5 Nc6 6. Nf3 Ne4 7. Bd2 Nxd2 8.
Nxd2 f5 9. e3 Bxc5 10. Be2 b6 11. O-O Bb7 12. Na4 Rb8 13. Nxc5 bxc5 14. Qc3 Qf6
15. Qxf6 gxf6 16. f4 Rg8 17. g3 Ba8 18. b3 Ke7 19. Kf2 a5 20. a4 Nb4 21. Bf3
Rb6 22. Bxa8 Rxa8 23. Ke2 Rd6 24. Rfc1 Rd3 25. Rab1 Rb8 26. Nf3 Rd6 27. Rc3
Rdb6 28. Rb2 Na6 29. Nd2 Nc7 30. Rb1 Ne8 31. Kf3 Nd6 32. g4 fxg4+ 33. Kxg4 Rg8+
34. Kf3 Nf5 35. Kf2 Nh4 36. Rg1 Rxg1 37. Kxg1 Rd6 38. Nf1 Rd1 39. Kf2 Nf5 40.
Ke2 Rb1 41. Rd3 Nd6 42. Nd2 Rh1 43. e4 Rxh2+ 44. Kd1 Rh4 45. Rf3 f5 46. e5 Ne4
47. Nxe4 fxe4 48. Rf1 Kf7 49. Ke2 Kg6 50. Rd1 Kf5 51. Rxd7 Kxf4 52. Rc7 Rh2+
53. Kd1 Ke3 0-1

[Event "16. Copenhagen Open"]
[Site "Copenhagen"]
[Date "1994.??.??"]
[Round "10"]
[White "Gasseholm, Finn"]
[Black "Antreasyan, Erol"]
[Result "1-0"]
[WhiteElo "2140"]
[BlackElo "1900"]
[PlyCount "111"]
[EventDate "1994.??.??"]
[EventType "swiss"]
[EventRounds "10"]
[EventCountry "DEN"]
[SourceDate "2004.01.01"]

1. c4 e5 2. Nc3 Bb4 3. g3 Nc6 4. Bg2 Nge7 5. e3 Bxc3 6. bxc3 f5 7. d4 e4 8. Nh3
d5 9. cxd5 Nxd5 10. c4 Nf6 11. O-O Bd7 12. Nf4 Qe7 13. Rb1 b6 14. Qb3 g5 15.
Nd5 Nxd5 16. cxd5 Na5 17. Qc3 Qd6 18. Ba3 Qxd5 19. Qxc7 Rc8 20. Qxa7 Nc4 21.
Rxb6 Nxb6 22. Qxb6 Qc6 23. Qb4 Qf6 24. f3 exf3 25. Bxf3 h5 26. e4 Kf7 27. e5
Qd8 28. d5 Rh6 29. e6+ Bxe6 30. dxe6+ Rxe6 31. Bxh5+ Kg7 32. Rxf5 Kh6 33. Bf7
Rb6 34. Qe4 Rbc6 35. Rf2 Qb6 36. Kg2 Rf6 37. Rxf6+ Qxf6 38. Qe6 Rc6 39. Qxf6+
Rxf6 40. Bd5 Ra6 41. Bf8+ Kg6 42. Bb4 g4 43. h4 Kf6 44. Bc3+ Kf5 45. Kf2 Rd6
46. Bb3 Kg6 47. Ke3 Rd8 48. a4 Rf8 49. Bc2+ Kh5 50. Be4 Rc8 51. Bd4 Rc4 52. a5
Ra4 53. Bb6 Rb4 54. Bd3 Kh6 55. Bd4 Rb8 56. a6 1-0

[Event "16. Copenhagen Open"]
[Site "Copenhagen"]
[Date "1994.??.??"]
[Round "10"]
[White "Grabow, Pouelsten Holm"]
[Black "Sylvan, Jacob"]
[Result "0-1"]
[WhiteElo "2285"]
[BlackElo "2185"]
[PlyCount "60"]
[EventDate "1994.??.??"]
[EventType "swiss"]
[EventRounds "10"]
[EventCountry "DEN"]
[SourceDate "2004.01.01"]

1. c4 e6 2. g3 d5 3. cxd5 exd5 4. Nf3 Nf6 5. Bg2 Bd6 6. O-O O-O 7. d3 Re8 8.
Nc3 Nbd7 9. Nb5 Bc5 10. Bf4 Bb6 11. Rc1 c6 12. Nd6 Re7 13. Bh3 h6 14. Qd2 Kh8
15. Bxh6 gxh6 16. Qxh6+ Nh7 17. Nf5 Qf8 18. Qxf8+ Ndxf8 19. Nxe7 Bxh3 20. e4
dxe4 21. dxe4 Bxf1 22. Kxf1 Ne6 23. Nf5 Nhg5 24. Nxg5 Nxg5 25. Nd6 Rd8 26. Rd1
Rd7 27. e5 Nf3 28. Kg2 Nxe5 29. Re1 Rxd6 30. Rxe5 Rd2 0-1

[Event "16. Copenhagen Open"]
[Site "Copenhagen"]
[Date "1994.??.??"]
[Round "10"]
[White "Gretarsson, Helgi Ass"]
[Black "Schandorff, Lars"]
[Result "0-1"]
[WhiteElo "2390"]
[BlackElo "2430"]
[PlyCount "68"]
[EventDate "1994.??.??"]
[EventType "swiss"]
[EventRounds "10"]
[EventCountry "DEN"]
[SourceDate "2004.01.01"]

1. d4 d5 2. c4 c6 3. Nc3 Nf6 4. cxd5 cxd5 5. Nf3 Nc6 6. Bf4 a6 7. Ne5 Qb6 8.
Nxc6 bxc6 9. a3 Qxb2 10. Na4 Qb5 11. Bc7 Qb7 12. Bf4 Bf5 13. Ra2 Nd7 14. Rb2
Qc8 15. e3 e6 16. Nb6 Nxb6 17. Rxb6 Qd8 18. Qb3 Bc2 19. Qb2 Bxa3 20. Qxa3 Qxb6
21. Kd2 Bg6 22. Be2 a5 23. Bd6 f6 24. h4 h5 25. Ra1 Kf7 26. Ra2 Qb7 27. Rb2 Qd7
28. Rb6 Rhd8 29. Bg3 Qe7 30. Qa4 Kg8 31. Ba6 Be8 32. Qxa5 Rd7 33. Rxc6 Rda7 34.
Rb6 Qd8 0-1

[Event "16. Copenhagen Open"]
[Site "Copenhagen"]
[Date "1994.??.??"]
[Round "10"]
[White "Harestad, Hans"]
[Black "Jensen, Find"]
[Result "1-0"]
[WhiteElo "1990"]
[BlackElo "1970"]
[PlyCount "45"]
[EventDate "1994.??.??"]
[EventType "swiss"]
[EventRounds "10"]
[EventCountry "DEN"]
[SourceDate "2004.01.01"]

1. d4 Nf6 2. c4 c5 3. d5 b5 4. cxb5 a6 5. bxa6 Bxa6 6. Nc3 g6 7. g3 d6 8. e4
Bg7 9. Bxa6 Nxa6 10. Nf3 O-O 11. O-O c4 12. Qa4 Nc5 13. Qxc4 Nfxe4 14. Nxe4 Ra4
15. Qc2 Rxe4 16. Rb1 Qa5 17. a3 Rc8 18. Be3 Qa8 19. b4 Qxd5 20. bxc5 Rc4 21.
Qd1 Qa8 22. cxd6 exd6 23. Bd4 1-0

[Event "16. Copenhagen Open"]
[Site "Copenhagen"]
[Date "1994.??.??"]
[Round "10"]
[White "Holst, Allan"]
[Black "Jurgens, Peter"]
[Result "1/2-1/2"]
[WhiteElo "2340"]
[BlackElo "2235"]
[PlyCount "74"]
[EventDate "1994.??.??"]
[EventType "swiss"]
[EventRounds "10"]
[EventCountry "DEN"]
[SourceDate "2004.01.01"]

1. e4 e5 2. Nf3 Nc6 3. Bb5 f5 4. d4 fxe4 5. Bxc6 dxc6 6. Nxe5 Qh4 7. Be3 Bd6 8.
Nc4 Be6 9. Nxd6+ cxd6 10. Nc3 Nf6 11. Qd2 Qg4 12. Rg1 Bc4 13. h3 Qh5 14. g4 Qg6
15. O-O-O Nd5 16. Nxd5 Bxd5 17. Qa5 Kd7 18. Kb1 Qe8 19. Bf4 b5 20. a4 a6 21.
Bg3 Qe6 22. Qd2 bxa4 23. Qb4 Rhb8 24. Qxa4 a5 25. Rge1 Rb4 26. Qa3 Rab8 27. f4
Qe8 28. f5 Rxb2+ 29. Qxb2 Rxb2+ 30. Kxb2 Qb8+ 31. Kc1 Qb4 32. Re3 Qa4 33. Rc3
Qb4 34. Be1 Qa4 35. Bf2 Qb4 36. Be1 Qa4 37. Bf2 Qb4 1/2-1/2

[Event "16. Copenhagen Open"]
[Site "Copenhagen"]
[Date "1994.??.??"]
[Round "10"]
[White "Holstein, Erik"]
[Black "Nilsson, Nils Specht"]
[Result "1/2-1/2"]
[WhiteElo "2130"]
[BlackElo "2260"]
[PlyCount "79"]
[EventDate "1994.??.??"]
[EventType "swiss"]
[EventRounds "10"]
[EventCountry "DEN"]
[SourceDate "2004.01.01"]

1. e4 c5 2. c3 e6 3. d4 cxd4 4. cxd4 Nf6 5. e5 Nd5 6. Nc3 Nxc3 7. bxc3 d6 8.
exd6 Bxd6 9. Nf3 Qc7 10. Qc2 Nc6 11. Bd3 h6 12. O-O O-O 13. h3 Bd7 14. Re1 Rac8
15. Qe2 Ne7 16. Bd2 Bc6 17. c4 Rfd8 18. Kh1 Kf8 19. Rad1 Ba4 20. Rb1 b6 21. Qe3
g5 22. Qe4 Ng8 23. d5 exd5 24. cxd5 Bc2 25. Bxc2 Qxc2 26. Qd4 Re8 27. Qh8 Rxe1+
28. Rxe1 Qg6 29. Ne5 Bxe5 30. Qxe5 Qf6 31. Qe3 a5 32. Rc1 Rc5 33. Rd1 Ne7 34.
d6 Nf5 35. Qb3 Qd4 36. Be3 Nxe3 37. Rxd4 Rc1+ 38. Kh2 Nf1+ 39. Kh1 Ne3+ 40. Kh2
1/2-1/2

[Event "16. Copenhagen Open"]
[Site "Copenhagen"]
[Date "1994.??.??"]
[Round "10"]
[White "Hvenekilde, Jorgen"]
[Black "Jensen, Soren"]
[Result "1-0"]
[WhiteElo "2320"]
[BlackElo "1990"]
[PlyCount "77"]
[EventDate "1994.??.??"]
[EventType "swiss"]
[EventRounds "10"]
[EventCountry "DEN"]
[SourceDate "2004.01.01"]

1. e4 c6 2. Nc3 d5 3. Nf3 Bg4 4. h3 Bxf3 5. Qxf3 Nf6 6. e5 Nfd7 7. d4 e6 8. Bf4
c5 9. O-O-O cxd4 10. Nb5 Nc6 11. Qg3 Rg8 12. Bd3 g6 13. Rhe1 Qa5 14. a3 Nc5 15.
Bg5 a6 16. Nd6+ Bxd6 17. exd6 Nxd3+ 18. cxd3 Kd7 19. Kb1 Qc5 20. Qf3 f5 21. Bf4
Rae8 22. Rc1 Qb5 23. g4 Rgf8 24. Qg3 fxg4 25. hxg4 Rf7 26. Be5 Ref8 27. f4 g5
28. f5 exf5 29. gxf5 Rxf5 30. Qh3 g4 31. Qxg4 Qxd3+ 32. Ka1 Qf3 33. Qg1 R8f7
34. Bxd4 h5 35. Bc3 Kxd6 36. Qb6 Qf2 37. Bb4+ Kd7 38. Qxb7+ Kd8 39. Qxc6 1-0

[Event "16. Copenhagen Open"]
[Site "Copenhagen"]
[Date "1994.??.??"]
[Round "10"]
[White "Hyldkrog, Lars"]
[Black "Flaata, Alexander"]
[Result "1-0"]
[WhiteElo "2090"]
[BlackElo "1900"]
[PlyCount "41"]
[EventDate "1994.??.??"]
[EventType "swiss"]
[EventRounds "10"]
[EventCountry "DEN"]
[SourceDate "2004.01.01"]

1. e4 c5 2. Nf3 d6 3. d4 cxd4 4. Nxd4 Nf6 5. Nc3 a6 6. Bg5 e6 7. f4 Be7 8. Qf3
Qc7 9. O-O-O Nbd7 10. Bd3 b5 11. Rhe1 Bb7 12. Qg3 Nc5 13. e5 dxe5 14. fxe5 Nd5
15. Bxe7 Nxd3+ 16. Rxd3 Qxe7 17. Qxg7 O-O-O 18. g3 Kb8 19. Rf1 Rhf8 20. Rdf3
Rd7 21. Nxe6 1-0

[Event "16. Copenhagen Open"]
[Site "Copenhagen"]
[Date "1994.??.??"]
[Round "10"]
[White "Jensen, Henrik W"]
[Black "Pedersen, Bjarne"]
[Result "0-1"]
[WhiteElo "2070"]
[BlackElo "2250"]
[PlyCount "88"]
[EventDate "1994.??.??"]
[EventType "swiss"]
[EventRounds "10"]
[EventCountry "DEN"]
[SourceDate "2004.01.01"]

1. e4 c5 2. Nf3 e6 3. d4 cxd4 4. Nxd4 Nf6 5. Nc3 Bb4 6. Bd3 e5 7. Nde2 d5 8.
exd5 Nxd5 9. O-O Nxc3 10. Nxc3 Bxc3 11. bxc3 O-O 12. Ba3 Re8 13. Qh5 g6 14. Qf3
Qc7 15. Rab1 Nc6 16. h4 f5 17. h5 e4 18. Bc4+ Be6 19. Bxe6+ Rxe6 20. Qh3 Na5
21. hxg6 hxg6 22. Rfd1 Rd8 23. Rxd8+ Qxd8 24. Bc5 b6 25. Bd4 Nc6 26. Qh8+ Kf7
27. Qg7+ Ke8 28. Rd1 Rd6 29. Qg8+ Ke7 30. Qxd8+ Nxd8 31. Kf1 Nc6 32. Ke2 Ke6
33. g3 Rd5 34. Ke3 Ra5 35. Ra1 Ra3 36. Bh8 Nb4 37. Kd2 Nd5 38. Bd4 g5 39. Bh8
f4 40. gxf4 gxf4 41. Bd4 Kf5 42. Kc1 Nxc3 43. Kb2 Nb5 44. c4 Nxd4 0-1

[Event "16. Copenhagen Open"]
[Site "Copenhagen"]
[Date "1994.??.??"]
[Round "10"]
[White "Jiretorn, Eva"]
[Black "Hedman, Erik"]
[Result "0-1"]
[WhiteElo "2230"]
[BlackElo "2285"]
[PlyCount "50"]
[EventDate "1994.??.??"]
[EventType "swiss"]
[EventRounds "10"]
[EventCountry "DEN"]
[SourceDate "2004.01.01"]

1. d4 Nf6 2. c4 e6 3. Nf3 c5 4. g3 cxd4 5. Nxd4 d5 6. Bg2 e5 7. Nf3 d4 8. O-O
Nc6 9. e3 d3 10. Nc3 Bb4 11. Nxe5 Nxe5 12. Qa4+ Nc6 13. Bxc6+ bxc6 14. Qxb4 Bh3
15. Rd1 Bg4 16. Rd2 Qd7 17. f4 h5 18. b3 h4 19. gxh4 Bf3 20. Ba3 Qg4+ 21. Kf1
Qh3+ 22. Kg1 O-O-O 23. Qc5 Rxh4 24. e4 Rg4+ 25. Kf2 Qxh2+ 0-1